Nghiên cứu đánh giá sự phù hợp về thành phần nguyên liệu và tính chất cho vải may áo đồng phục sơ mi nam giảng viên trường Đại học Công nghiệp Thành phố Hồ Chí Minh : Báo cáo tổng kết đề tài Nghiên cứu Khoa học Cấp Trường
Bewaard in:
| Hoofdauteur: | |
|---|---|
| Formaat: | Đề tài khoa học |
| Taal: | Undetermined |
| Gepubliceerd in: |
Đại học Công nghiệp TP. Hồ Chí Minh
2022
|
| Onderwerpen: | |
| Online toegang: | https://opac.iuh.edu.vn/TraCuuTaiLieuSo2XemChiTiet.aspx?Id=117356 |
| Tags: |
Voeg label toe
Geen labels, Wees de eerste die dit record labelt!
|
| Thư viện lưu trữ: | Trung tâm Thư viện - Trường Đại học Công nghiệp TP. Hồ Chí Minh |
|---|
| LEADER | 00956nam a2200169Ia 4500 | ||
|---|---|---|---|
| 001 | UIH_00872 | ||
| 008 | 230809s9999 xx 000 0 und d | ||
| 082 | |a 646.1 | ||
| 100 | |a Nguyễn, Thị Hằng | ||
| 245 | 0 | |a Nghiên cứu đánh giá sự phù hợp về thành phần nguyên liệu và tính chất cho vải may áo đồng phục sơ mi nam giảng viên trường Đại học Công nghiệp Thành phố Hồ Chí Minh : Báo cáo tổng kết đề tài Nghiên cứu Khoa học Cấp Trường | |
| 245 | 0 | |c Nguyễn, Thị Hằng | |
| 260 | |b Đại học Công nghiệp TP. Hồ Chí Minh | ||
| 260 | |c 2022 | ||
| 650 | |a May thời trang;Vật liệu may; | ||
| 856 | |u https://opac.iuh.edu.vn/TraCuuTaiLieuSo2XemChiTiet.aspx?Id=117356 | ||
| 927 | |a Đề tài khoa học | ||
| 980 | |a Trung tâm Thư viện - Trường Đại học Công nghiệp TP. Hồ Chí Minh | ||